000 00809nam a2200229Ii 4500
003 JO-AjNU
008 230605s9999||||xx |||||||||||||| ||und||
017 _a2013/8/2919
020 _a978- 9957- 91- 121- 8
040 _aJO-AjNU
_bara
_erda
_cJO-AjNU
041 _aara
050 1 4 _aJF1525.Q2238 2019
100 3 _aالقبيلات، حمدي,
_eauthor
_959162
245 0 0 _aقانون الإدارة العامة الإلكترونية
250 _aط2
264 3 1 _aعمان: دار الثقافة للنشر والتوزيع، 2019
300 _a240ص
_bيحتوي على مراجع من ص 231- 240
336 _atext
_btxt
_2rdacontent
337 _aunmediated
_bn
_2rdamedia
338 _avolume
_bnc
_2rdacarrier
650 4 _aالإدارة العامه- الانترنت- قانون
_959163
999 _aA26609
_c30177
_d30177